[Event "Paris-ch op-B 86th"]
[Site "Paris"]
[Date "2011.07.03"]
[Round "2"]
[White "Ernouf, Anthony"]
[Black "Morel, Jean Luc"]
[Result "1-0"]
[WhiteElo "1874"]
[BlackElo "1718"]
[PlyCount "45"]
[EventDate "2011.07.02"]
[EventType "swiss"]
[EventRounds "9"]
[EventCountry "FRA"]
[SourceTitle "EXT 2012"]
[Source "ChessBase"]
[SourceDate "2011.11.24"]
[SourceVersion "1"]
[SourceVersionDate "2011.11.24"]
[SourceQuality "1"]

1. d4 e6 2. e3 Nf6 3. Bd3 c5 4. c3 Nc6 5. f4 b6 6. Nf3 Bb7 7. 0-0 Be7 8. Nbd2 Qc7 9. Ne5 d6 10. Nxc6 Qxc6 11. Qe2 0-0 12. e4 Rad8 13. Rf3 cxd4 14. cxd4 Qa4 15. Nb3 e5 16. Bb5 Ba6 17. Bxa6 Nxe4 18. Bb5 Qb4 19. a3 Nc3 20. Rxc3 exd4 21. axb4 dxc3 22. Qxe7 Rc8 23. bxc3 1-0